Promoviendo la democracia : (Record no. 22771)
[ view plain ]
| 000 -CABECERA | |
|---|---|
| campo de control de longitud fija | 00843nam a2200241 a 4500 |
| 001 - NÚMERO DE CONTROL | |
| campo de control | 000023274 |
| 005 - FECHA Y HORA DE LA ÚLTIMA TRANSACCIÓN | |
| campo de control | 20240406073830.0 |
| 008 - DATOS DE LONGITUD FIJA--INFORMACIÓN GENERAL | |
| campo de control de longitud fija | 101201s1991 mx r 000 0 spa d |
| 020 ## - NÚMERO INTERNACIONAL ESTÁNDAR DEL LIBRO | |
| Número Internacional Estándar del Libro | 9688882720 |
| 040 ## - FUENTE DE LA CATALOGACIÓN | |
| Centro catalogador/agencia de origen | DO-SdBNP |
| Lengua de catalogación | spa |
| Centro/agencia transcriptor | BNPHU |
| 082 ## - NÚMERO DE LA CLASIFICACIÓN DECIMAL DEWEY | |
| Número de clasificación | 321.8 |
| Número de documento/Ítem | G619p |
| 049 ## - FONDOS LOCALES (OCLC) | |
| Fondos de biblioteca | BNGR |
| 100 1# - ENTRADA PRINCIPAL--NOMBRE DE PERSONA | |
| Nombre de persona | Goldman, Ralph M. |
| 9 (RLIN) | 47916 |
| 245 10 - MENCIÓN DE TÍTULO | |
| Título | Promoviendo la democracia : |
| Resto del título | alternativas y resultados / |
| Mención de responsabilidad, etc. | Ralph M. Goldman , William A. Douglas ; traducción Ramón H. Ramírez ; prólogo Robert Wesson. |
| 260 ## - PUBLICACIÓN, DISTRIBUCIÓN, ETC. | |
| Lugar de publicación, distribución, etc. | México, D. F. : |
| Nombre del editor, distribuidor, etc. | Prisma, |
| Fecha de publicación, distribución, etc. | 1991. |
| 300 ## - DESCRIPCIÓN FÍSICA | |
| Extensión | 325 p. : ; |
| Dimensiones | 21 cm. |
| 534 ## - NOTA SOBRE LA VERSIÓN ORIGINAL | |
| Encabezamiento principal del original | Promoting democracy: opportunities and issues |
| 650 #0 - PUNTO DE ACCESO ADICIONAL DE MATERIA--TÉRMINO DE MATERIA | |
| Término de materia o nombre geográfico como elemento de entrada | Democracia |
| 9 (RLIN) | 286 |
| 650 #4 - PUNTO DE ACCESO ADICIONAL DE MATERIA--TÉRMINO DE MATERIA | |
| Término de materia o nombre geográfico como elemento de entrada | Forma de gobierno |
| 9 (RLIN) | 47917 |
| 700 1# - PUNTO DE ACCESO ADICIONAL--NOMBRE DE PERSONA | |
| Nombre de persona | Douglas, William A. |
| 9 (RLIN) | 3616 |
| 700 1# - PUNTO DE ACCESO ADICIONAL--NOMBRE DE PERSONA | |
| Nombre de persona | Ramírez, Ramón H., |
| Término indicativo de función/relación | tr. |
| 9 (RLIN) | 47918 |
| 700 1# - PUNTO DE ACCESO ADICIONAL--NOMBRE DE PERSONA | |
| Nombre de persona | Wesson, Robert, |
| Término indicativo de función/relación | pról. |
| 9 (RLIN) | 47919 |
| Estado de retiro | Estado de pérdida | Restricciones de uso | No para préstamo | Código de colección | Localización permanente | Ubicación/localización actual | Ubicación en estantería | Fecha de adquisición | Número de inventario | Total de préstamos | Signatura topográfica completa | Código de barras | Fecha visto por última vez | Precio válido a partir de | Tipo de ítem Koha |
|---|---|---|---|---|---|---|---|---|---|---|---|---|---|---|---|
| Monografías: Libros y Folletos | General | General | En catalogación | 01.12.2010 | LF1 | 321.8 G619p | 23274-10 | 25.06.2020 | 25.06.2020 | Préstamo en sala |
